Ninth five year plan / (Record no. 2529)

MARC details
000 -LEADER
fixed length control field 00753nam a2200181 4500
001 - CONTROL NUMBER
control field 3138
005 - DATE AND TIME OF LATEST TRANSACTION
control field 20181127170550.0
010 00 - LIBRARY OF CONGRESS CONTROL NUMBER
LC control number
100 00 - MAIN ENTRY--PERSONAL NAME
Personal name Gross National Happiness Commission, Royal Government of Bhutan.
245 00 - TITLE STATEMENT
Title Ninth five year plan /
Statement of responsibility, etc. Gross National Happiness Commission, Royal Government of Bhutan.
Medium
260 00 - PUBLICATION, DISTRIBUTION, ETC.
Place of publication, distribution, etc. Thimphu :
Name of publisher, distributor, etc. Gross National Happiness Commission, Royal Government of Bhutan,
Date of publication, distribution, etc. n.d.
300 00 - PHYSICAL DESCRIPTION
Extent 130 p.
500 ## - GENERAL NOTE
General note Bound xerographic copy
General note Electronic copy available on RTC Cloud in "Library" folder
651 ## - SUBJECT ADDED ENTRY--GEOGRAPHIC NAME
Geographic name Bhutan --Economic policy.
Form subdivision
General subdivision
Chronological subdivision
Geographic subdivision
Source of heading or term
Geographic name Bhutan --Social policy.
Form subdivision
General subdivision
Chronological subdivision
Geographic subdivision
Source of heading or term
856 ## - ELECTRONIC LOCATION AND ACCESS
Host name
Uniform Resource Identifier <a href="http://www.gnhc.gov.bt/wp-content/uploads/2011/04/5yp09_main.pdf">http://www.gnhc.gov.bt/wp-content/uploads/2011/04/5yp09_main.pdf</a>
Link text Ninth five year plan
Public note
Materials specified
Holdings
Withdrawn status Lost status Source of classification or shelving scheme Damaged status Not for loan Collection code Home library Current library Shelving location Serial Enumeration / chronology Inventory number Total Checkouts Full call number Barcode Date last seen Price effective from Koha item type
    Dewey Decimal Classification     Binding Materials. RTC Library RTC Library Binding 6188   333.954 NIN 30005711 27/11/2018 27/11/2018 Binder
Royal Thimphu College || All Right Reserved